| 000 | 00666nam a2200205 a 4500 | ||
|---|---|---|---|
| 005 | 20230331063453.0 | ||
| 008 | 041004s2002 mx r 000 0 spa d | ||
| 020 | _a968522417X | ||
| 035 | _aUPN01000135063 | ||
| 049 | _aCG | ||
| 050 | 4 |
_aHQ799 A4.4 _bR6.2 |
|
| 100 | 1 |
_aRodríguez, Ernesto _939446 |
|
| 245 | 1 | 0 |
_aActores estratégicos para el desarrollo : _bpolíticas de juventud para el siglo XXI / _cErnesto Rodríguez. |
| 260 |
_aMéxico : _bInstituto Mexicano de la Juventud, _c2002. |
||
| 300 | _a186 p. | ||
| 440 | 0 |
_aJóvenes ; _v11 |
|
| 650 | 4 |
_aJuventud _zAmérica Latina _917493 |
|
| 650 | 4 |
_aPOLITICA SOCIAL - _zAMERICA LATINA _96012 |
|
| 905 | _aLibro | ||
| 999 |
_c107214 _d107214 |
||